Ssaki Polski - Statystyki

Ogólne statystyki
  • Ten quiz został rozwiązany 88 razy
  • Średni wynik to 13 z 114
Statystyki odpowiedzi
Ssak % Poprawnych
Wilk szary
66%
Lis rudy
55%
Niedźwiedź brunatny
53%
Żubr europejski
50%
Jeleń szlachetny
42%
Sarna europejska
38%
Bóbr europejski
34%
Żbik europejski
33%
Ryś euroazjatycki
32%
Zając szarak
32%
Borsuk europejski
30%
Kuna domowa
29%
Kuna leśna
29%
Dzik euroazjatycki
26%
Mysz domowa
26%
Daniel zwyczajny
25%
Wydra europejska
24%
Kozica tatrzańska
22%
Kret europejski
22%
Łoś euroazjatycki
22%
Wiewiórka pospolita
22%
Gronostaj europejski
20%
Szczur wędrowny
20%
Jeż wschodni
17%
Jeż zachodni
17%
Świstak tatrzański
17%
Szop pracz
17%
Jenot azjatycki
16%
Królik europejski
16%
Łasica pospolita
16%
Chomik europejski
14%
Tchórz zwyczajny
14%
Zając bielak
14%
Foka pospolita
12%
Jeleń wschodni
12%
Ryjówka malutka
12%
Szczur śniady
12%
Morświn zwyczajny
11%
Nutria amerykańska
11%
Ryjówka aksamitna
11%
Szakal złocisty
11%
Muflon śródziemnomorski
9%
Myszarka leśna
9%
Rzęsorek rzeczek
9%
Suseł moręgowany
9%
Koszatka leśna
8%
Myszarka polna
8%
Nerpa obrączkowana
8%
Orzesznica leszczynowa
8%
Popielica szara
8%
Szarytka morska
8%
Wizon amerykański
8%
Żołędnica europejska
8%
Myszarka zaroślowa
7%
Nornica ruda
7%
Nornik północny
7%
Ryjówka górska
7%
Tchórz stepowy
7%
Borowiec wielki
5%
Butlonos zwyczajny
5%
Gacek brunatny
5%
Karczownik ziemnowodny
5%
Mors arktyczny
5%
Nornik darniowy
5%
Piżmak amerykański
5%
Ryjówka średnia
5%
Smużka leśna
5%
Suseł perełkowany
5%
Badylarka pospolita
4%
Białucha arktyczna
4%
Borowiec olbrzymi
4%
Delfin zwyczajny
4%
Karlik malutki
4%
Nocek duży
4%
Nocek rudy
4%
Nornik bury
4%
Nornik zwyczajny
4%
Płetwal zwyczajny
4%
Podkowiec mały
4%
Zębiełek białawy
4%
Zębiełek karliczek
4%
Gacek szary
3%
Karczownik górski
3%
Karlik większy
3%
Mopek zachodni
3%
Myszarka zielna
3%
Nocek orzęsiony
3%
Nornik tatrzański
3%
Rzęsorek mniejszy
3%
Sarna syberyjska
3%
Smużka stepowa
3%
Borowiec leśny
1%
Butlogłów północny
1%
Delfinowiec białonosy
1%
Długopłetwiec oceaniczny
1%
Dziubowal dwuzębny
1%
Karlik drobny
1%
Karlik średni
1%
Mroczak prosrebrzny
1%
Mroczek pozłocisty
1%
Mroczek późny
1%
Nocek Alkatoe
1%
Nocek Bechsteina
1%
Nocek Brandta
1%
Nocek łydkowłosy
1%
Nocek Natterera
1%
Nocek ostrouszny
1%
Nocek wąsatek
1%
Płetwal czerniakowy
1%
Podkasaniec zwyczajny
1%
Podkowiec duży
1%
Przymroczek Saviego
1%
Śnieżnik europejski
1%
Waleń biskajski
1%
Nie znaleziono quizów pasujących do podanych kryteriów
Rozkład punktacji
Procent ludzi z każdym wynikiem
Percentyl według liczby udzielonych odpowiedzi
Twoja historia wyników
Nie rozwiązałeś tego quizu